000 00984nab a22002177a 4500
999 _c5855
_d5855
003 OSt
005 20260108221254.0
008 190514b xxu||||| |||| 00| 0 spa d
040 _cPJ
100 _95888
_aDelgado Solis, Elba Érika
245 1 0 _aBalance, consolidación y desafíos en vivienda familiar /
_cErika Delgado Solis, Sonia C. Seba.
300 _ap. 133-146
505 _aSumario: I. Palabras preliminares.— II. Principios sobre la vivienda digna como un derecho humano.— III. Regulación de la figura de la vivienda en el Cód. Civ. y Com.— IV. Breves palabras de cierre
505 _tSi te interesa el texto, comunicate a koha@justierradelfuego.gov.ar
650 0 _91497
_aCODIGO CIVIL Y COMERCIAL
650 0 _9967
_aDERECHO DE FAMILIA
650 0 _95362
_aVIVIENDA FAMILIAR
700 _94340
_aSeba, Sonia Cristina
_ecoautor
773 0 _02844
_93222
_dBuenos Aires : AbeledoPerrot, 1989-
_tDerecho de familia. N° 120 - Julio 2025
_z18511201
942 _2udc
_cANA